Concrete technology. (Record no. 548560)

000 -LEADER
fixed length control field 00730cam a2200217 a 4500
020 ## - INTERNATIONAL STANDARD BOOK NUMBER
International Standard Book Number 0309051738 :
022 ## - INTERNATIONAL STANDARD SERIAL NUMBER
International Standard Serial Number 8121903483
082 00 - DEWEY DECIMAL CLASSIFICATION NUMBER
Classification number 666.893
Author Mark SHE
-- N-01,P-46
100 ## - MAIN ENTRY--PERSONAL NAME
Personal name M.S. SHETTY
9 (RLIN) 44905
245 00 - TITLE STATEMENT
Title Concrete technology.
260 ## - PUBLICATION, DISTRIBUTION, ETC.
Place of publication, distribution, etc. DEHLI
Name of publisher, distributor, etc. S.CHAND & COMPANY LTD
Date of publication, distribution, etc. 1998.
300 ## - PHYSICAL DESCRIPTION
Extent 637 p. :
Other physical details ill. ;
490 1# - SERIES STATEMENT
Series statement Transportation research record ;
500 ## - GENERAL NOTE
General note "A peer-reviewed publication of the Transportation Research Board."
526 ## - STUDY PROGRAM INFORMATION NOTE
Program name 0
Interest level 0
Reading level 0
Title point value 666_893000000000000_SHE
650 #0 - SUBJECT ADDED ENTRY--TOPICAL TERM
Topical term or geographic name entry element Concrete bridges
General subdivision Floors
-- Testing.
9 (RLIN) 21345
650 #0 - SUBJECT ADDED ENTRY--TOPICAL TERM
Topical term or geographic name entry element MCE
9 (RLIN) 379
650 #0 - SUBJECT ADDED ENTRY--TOPICAL TERM
Topical term or geographic name entry element Pavements, Reinforced concrete
General subdivision Testing.
-- Testing.
9 (RLIN) 44906
710 2# - ADDED ENTRY--CORPORATE NAME
Corporate name or jurisdiction name as entry element National Research Council (U.S.).
9 (RLIN) 20017
942 ## - ADDED ENTRY ELEMENTS (KOHA)
Source of classification or shelving scheme
Koha item type Book
Holdings
Withdrawn status Lost status Source of classification or shelving scheme Damaged status Not for loan Permanent Location Current Location Date acquired Total Checkouts Full call number Barcode Date last seen Price effective from Koha item type
          Military College of Engineering (MCE) Military College of Engineering (MCE) 09/01/2014   666.893 SHE MCE-44586 09/01/2014 09/01/2014 Book
© 2023 Central Library, National University of Sciences and Technology. All Rights Reserved.